Dinámica de grupos: cincuenta años después

Salvato in:
Dettagli Bibliografici
Autore principale: López-Yarto Elizalde, Luis (autor)
Natura: Libro
Lingua:spagnolo
Pubblicazione: Bilbao Desclée De Brouwer 1997
Edizione:2a. ed
Serie:Crecimiento Personal. Colección Serendipit, 11
Soggetti:
Tags: Aggiungi Tag
Nessun Tag, puoi essere il primo ad aggiungerne!!

MARC

LEADER 00000nam a2200000 a 4500
001 UCN2793
003 CL-VaPUC
008 010608e19970000SP |||||||||||||||||spa|d
082 0 4 |a 302.3  |b LOP  |2 21 
100 |a López-Yarto Elizalde, Luis  |e autor  |9 458952 
245 1 0 |a Dinámica de grupos: cincuenta años después 
250 |a 2a. ed 
300 |a 236 p 
942 |c BK 
945 |d 20010608 00:00:00  |a vberengu 
260 |a Bilbao  |b Desclée De Brouwer  |c 1997 
650 0 |a Interacción social   |9 307764 
650 0 |a Psicología del desarrollo  |9 307541 
650 0 |a Dinámica social  |9 334923 
583 |a last modification  |c 20010608 00:00:00  |k Rodrigo Vera 
490 0 |a Crecimiento Personal. Colección Serendipit, 11 
999 |c 295826  |d 295824 
952 |0 0  |1 0  |4 0  |6 302_300000000000000_LOP_1997  |7 0  |8 A  |9 349192  |a BIBGIM  |b BIBGIM  |d 2019-11-20  |i 3700275  |o 302.3 LOP 1997  |p 3700275  |r 2025-01-15  |w 2019-11-20  |y BK  |k SSL